| 000 | 00421nam a22001697a 4500 | ||
|---|---|---|---|
| 999 |
_c525661 _d525661 |
||
| 003 | NUST | ||
| 020 | _cPaperback | ||
| 038 | _aM. Shaban | ||
| 082 |
_a297.32 _bNAS |
||
| 100 |
_aNasim Akhtar _916598 |
||
| 245 |
_aZabha nama / _cNasim Akhtar |
||
| 260 |
_aMultan : _bSariki Adbi Board, _c2015. |
||
| 300 | _a64 p. ; | ||
| 880 |
_6100-01\r _aنسیم اختر |
||
| 880 |
_6245-02\r _aذبح نامہ / |
||
| 942 |
_2ddc _cBK |
||